Analýza ponuky aplikačných softvérových produktov pre automatizovanú kanceláriu bakalárska práca

Gespeichert in:
Bibliographische Detailangaben
1. Verfasser: Skačanová, Lenka
Körperschaft: Fakulta hospodárskej informatiky EU. Katedra aplikovanej informatiky
Weitere Verfasser: Cárachová, Magdaléna
Format: Buch
Sprache:Slowakisch
Veröffentlicht: Bratislava 2009
Tags: Tag hinzufügen
Keine Tags, Fügen Sie das erste Tag hinzu!

MARC

LEADER 00000nam$a2200000$$$4500
001 0103858
005 20240319122927.3
041 0 |a slo 
044 |a SK 
245 1 0 |a Analýza ponuky aplikačných softvérových produktov pre automatizovanú kanceláriu  |b bakalárska práca  |c Lenka Skačanová ; škol. Magdaléna Cárachová 
264 1 |a Bratislava  |c 2009 
300 |a 32 s. 
100 1 |a Skačanová, Lenka 
700 1 |a Cárachová, Magdaléna 
710 2 |a Fakulta hospodárskej informatiky EU. Katedra aplikovanej informatiky